Responses for Show #4438 - Wednesday, December 17, 2003

Game data retrieved from an alternate archive.

Contestants

[<< previous game]

Michele Bassett, a stay-at-home mom from McLean, Virginia

Randal Allred, a college professor from Laie, Hawaii

John Haynes, a meteorologist from Alexandria, Virginia (whose 1-day cash winnings total $8,599)

[next game >>]

Jeopardy! Round responses

PRESIDENTS & CHERRIES
THE NEW YORK YANKEES
THROW IT OVER HERE
NATIONAL FOODS
THE KIDS' TABLE
____ JO
    $200 1
George Washington

John
    $200 11
Lou Gehrig

John
    $200 15
(Michele: What is the bouquet?)

rice

JohnMichele
    $200 13
French fries

Randal
    $200 23
a calf

Triple Stumper
    $200 6
FloJo

Michele
    $400 2
jimmy Carter

John
    $400 12
Casey Stengel

Triple Stumper
    $400 19
caution

John
    $400 14
(Randal: What is Yankee pot roast?)
(Michele: What is Irish stew?)

Swiss steak

RandalMichele
Triple Stumper
    $400 24
a filly

Randal
    $400 7
Tojo

John
    $600 3
Thomas Jefferson

John
    $600 28
(John: What are the Jolly Rogers?)

the M&M boys

John
Triple Stumper
    $600 20
throwing out the first pitch

John
    $1,000 16
a Greek salad

John
    $600 25
the goats table

Michele
    $600 8
HoJo

Michele
    $800 4
(Randal: Who is Wilson?)

William Howard Taft

JohnRandal
    $800 29
Derek Jeter

Michele
    $800 21
The Dating Game

John
    $800 17
German chocolate cake

Triple Stumper
    $800 26
cygnet

Michele
    $800 9
mojo

John
    $1000 5
(Michelle: Who is Jackson?)

Zachary Taylor

JohnMichele
    $1000 30
Joe McCarthy

Triple Stumper
    $1000 22
a boomerang

Triple Stumper
    $1000 18
Japanese eggplant

Randal
    $1000 27
a mackerel

Triple Stumper
    $1000 10
a dojo

Michele

Scores at the first commercial break (after clue 15):

John Randal Michele
$4,600 -$1,000 $200

Scores at the end of the Jeopardy! Round:

John Randal Michele
$6,800 $400 $2,400

Double Jeopardy! Round responses

BIOLOGY
CELEBRITIES' ORIGINAL NAMES
A WEEKEND AT THE CAPE
ENGLISHWOMEN
SAINTS
3-LETTER POETIC WORDS
    $400 12
the stomach

Michele
    $400 1
Rodney Dangerfield

John
    $400 2
the elbow

John
    $400 10
Anne Boleyn

Michele
    $400 26
St. George

Randal
    $400 18
(Michelle: What is ire?)

foe

JohnMichele
    $800 13
fungi

John
    $800 4
Janet Leigh

Michele
    $800 3
bells

Michele
    $800 16
Agatha Christie

Michele
    $800 27
St. Martha

Randal
    $800 20
(John: What is iron?)

o'er

John
Triple Stumper
    $1200 14
an amoeba

John
    $1200 5
Omar Sharif

Michele
    $1200 8
(John: What are mussels?)

quahogs

JohnMichele
    $1200 17
"We'll Meet Again"

Triple Stumper
    $4,200 28
[The end-of-round signal sounds.]

St. Thomas

Randal
    $1200 21
ere

Randal
    $1600 15
symbiosis

Randal
    $2,000 6
Ben Kingsley

Michele
    $1600 9
Provincetown

Randal
    $1600 24
(Randal: Who is Twiggy?)

Mary Quant

Randal
Triple Stumper
    $1600 22
eve

Michele
    $2000 19
amino acids

Michele
    $2000 7
Meg Ryan

Randal
    $2000 11
Edward Hopper

Triple Stumper
    $2000 25
(Michele: Who is Princess Diana?)
(Randal: Who is Sarah Ferguson?)

Princess Anne

RandalMichele
Triple Stumper
    $2000 23
orb

Michele

Scores at the end of the Double Jeopardy! Round:

John Randal Michele
$8,000 $8,600 $13,200

[wagering suggestions for these scores]

Final Jeopardy! Round responses

INTERNATIONAL LAW
JohnWho are P.O.W s
$7,999
RandalWho are Prisoners of War
$8,500
MicheleWho are Priosoners of War?
$4,100
Prisoners of War

Final scores:

John Randal Michele
$15,999 $17,100 $17,300
3rd place: $1,000 2nd place: $2,000 New champion: $17,300

Game dynamics:

Coryat scores:

John Randal Michele
$7,600 $5,600 $12,800
18 R
(including 1 DD),
3 W
10 R
(including 1 DD),
4 W
17 R
(including 1 DD),
5 W

Combined Coryat: $26,000

[game clues] [game scores] [suggest correction]

Game tape date: 2003-10-21
The J! Archive is created by fans, for fans. Scraping, republication, monetization, and malicious use prohibited; this site may use cookies and collect identifying information. See terms. The Jeopardy! game show and all elements thereof, including but not limited to copyright and trademark thereto, are the property of Jeopardy Productions, Inc. and are protected under law. This website is not affiliated with, sponsored by, or operated by Jeopardy Productions, Inc. Join the discussion at JBoard.tv.